000 01562cab a2200241 4500
001 ##L133178
008 060419n2006 000 0 eng u
035 _a(Sirsi) u133178
041 0 _aeng
100 1 _aMurdoch, John
245 0 0 _aIt's what you know
260 _c2006
490 0 _aEstates Gazette
_v(0614) 8 April 2006, 173(1)
520 _aLooks at the limitation periods relevant to making claims for professional negligence and what the claimant needs to know. The Limitation Act 1980 sets the time periods within which a claimant must start legal proceedings if its claim is not to be statute-barred: six years either from the date of the breach or from the date upon which the claimant suffered loss by relying on negligent advice. Neither of these periods refers to whether the claimant is aware that it has a claim. S14A of the Act created an alternative limitation period for negligence claims in tort. Considers "Haward v Fawcetts" ([2006] UKHL 9, L132903) which confirms that the three-year period for bringing a professional negligence case starts when the claimant has knowledge of certain facts, namely that its loss results from the defendant's act or omission, but it need not know of any negligence.
590 _aIKA250406
650 2 4 _aLIMITATION ACT 1980 S14A(8)
650 2 4 _aLIMITATION ACT 1980 S14A
650 2 4 _aLATENT DAMAGE ACT 1986
650 2 4 _aHAWARD AND OTHERS V FAWCETTS
650 2 4 _aDOBBIE V MEDWAY HEALTH AUTHORITY
690 _aMANAGEMENT-BUSINESS MANAGEMENT-PROFESSIONAL PRACTICE-NEGLIGENCE
942 _n0
999 _c76845
_d76845